ბათუმის შოთა რუსთაველის სახელმწიფო უნივერსიტეტის ბიბლიოთეკა

NAtural Healing.Remedies & Therapies (ბიბ.ჩანაწერი № 47364)

000 -LEADER
fixed length control field 00631nam a2200229Ia 4500
001 - CONTROL NUMBER
control field 14225
003 - CONTROL NUMBER IDENTIFIER
control field GE_BSU
008 - FIXED-LENGTH DATA ELEMENTS--GENERAL INFORMATION
fixed length control field 181216s||||||||xx |||||||||||||| ||und||
020 ## - INTERNATIONAL STANDARD BOOK NUMBER
International Standard Book Number 1840384468
040 ## - CATALOGING SOURCE
Transcribing agency GE_BSU
100 ## - MAIN ENTRY--PERSONAL NAME
Personal name Evans,Mark.B.Phil
245 ## - TITLE STATEMENT
Title NAtural Healing.Remedies & Therapies
245 ## - TITLE STATEMENT
Remainder of title Nature's Way to health, relaxation and Vitality. A complete practical guide
260 ## - PUBLICATION, DISTRIBUTION, ETC.
Place of publication, distribution, etc. London
260 ## - PUBLICATION, DISTRIBUTION, ETC.
Name of publisher, distributor, etc. Hermes House
260 ## - PUBLICATION, DISTRIBUTION, ETC.
Date of publication, distribution, etc. 1999
300 ## - PHYSICAL DESCRIPTION
Extent 256p.ill.30cm.
653 ## - INDEX TERM--UNCONTROLLED
Uncontrolled term NAtural Healing.
653 ## - INDEX TERM--UNCONTROLLED
Uncontrolled term Nature's Way to health, relaxation and Vitality
653 ## - INDEX TERM--UNCONTROLLED
Uncontrolled term Remedies & Therapies
942 ## - ADDED ENTRY ELEMENTS (KOHA)
Koha item type წიგნი
ეგზემპლარები
Withdrawn status Lost status Damaged status Not for loan Date acquired Barcode Date last seen Price effective from Koha item type
        2018-12-17 37470 2018-12-17 2018-12-17 წიგნი